|
|
|
|
| LEADER |
00985cam a2200253 7i4500 |
| 001 |
0000075331 |
| 005 |
20230222090000.0 |
| 020 |
|
|
|a 9781003045687 (electronic book)
|
| 090 |
0 |
0 |
|a HM1081
|b .H854 2022
|
| 245 |
0 |
4 |
|a The handbook of impression formation :
|b a social psychological approach
|c edited by Emily Balcetis and Gordon B. Moskowitz.
|
| 264 |
|
|
|a New York, NY:
|b Routledge,
|c 2022.
|
| 300 |
|
|
|a 1 online resource (xii, 519 pages):
|b text file, PDF.
|
| 336 |
|
|
|a text
|2 rdacontent
|
| 337 |
|
|
|a computer
|2 rdamedia
|
| 338 |
|
|
|a online resource
|2 rdacarrier
|
| 650 |
|
0 |
|a Impression formation (Psychology)
|
| 655 |
|
0 |
|a Electronic books
|
| 700 |
1 |
|
|a Balcetis, Emily
|
| 700 |
1 |
|
|a Moskowitz, Gordon B.
|
| 856 |
4 |
2 |
|u http://library.unisel.edu.my/web/guest/mylibrary
|
| 997 |
|
|
|a Education & Social Sciences, Faculty
|b Social Sciences, Department
|
| 998 |
|
|
|a Industrial Psychology, Degree
|
| 998 |
|
|
|a Psychology, Diploma
|
| 999 |
|
|
|a EBO0018579
|b EBOOK
|c EBOOK
|e Electronic resources
|